00375nam a22001097a 450000500170000000800410001704100120005808200080007010000190007824501470009726000210024420250912121947.0250912b |||||||| |||| 00| 0 eng d aEnglish 2BHO aBhosale Pooja  aA Cross-Sectional Study to Assess the Prevalence of Post-Covid Conditions in COVID Patients Within 4-6 Months in Selected Hospital of the City aPunebMUHSc2022